Normal view MARC view
  • Brenlla, María Elena

Entry Nombre Personal

Number of records used in: 1

001 - NUMERO DE CONTROL

  • campo de control: 48528

003 - IDENTIFICADOR DE NUMERO DE CONTROL

  • campo de control: UPN

005 - FECHA Y HORA DE LA ÜLTIMA TRANSACCIÓN

  • campo de control: 20230606110435.0

008 - DATOS DE LONGITUD FIJA

  • campo de control de longitud fija: 230323|| ac|||aabn | a|a d

040 ## - FUENTE DE CATALOGACIÓN

  • Agencia original de catalogación: MX-MxUPN

100 1# - ENCABEZAMIENTO - NOMBRE PERSONAL

  • Nombre personal: Brenlla, María Elena

370 ## - LUGAR ASOCIADO

  • Place of birth: Argentina

372 ## - CAMPO DE ACTIVIDAD

  • Field of activity: Psicología y psicopedagogía

373 ## - GRUPO ASOCIADO

  • Associated group: Pontificia Universidad Católica Argentina.

670 ## - FUENTE EN LA QUE SE LOCALIZARON DATOS

  • Cita de la fuente: En recurso en línea Aloma : revista de psicología, ciencies de l'educació i de l de l'esport Vol. 40, no. 2 (2022):
  • Información localizada: página 9 (María Elena Brenlla)
  • Uniform Resource Identifier: http://www.revistaaloma.net/index.php/aloma/article/view/614/200200336

902 ## - CATALOGADOR

  • Catalogador: RGJD/060623